Online
Catalog

Sueño de una noche de marzo / (Record no. 2090)

MARC details
000 -CABECERA
campo de control de longitud fija 00819nam a2200229 a 4500
001 - NÚMERO DE CONTROL
campo de control 000002243
005 - FECHA Y HORA DE LA ÚLTIMA TRANSACCIÓN
campo de control 20200929150156.0
008 - DATOS DE LONGITUD FIJA--INFORMACIÓN GENERAL
campo de control de longitud fija 090701s2008 dr 000 0bspa d
020 ## - NÚMERO INTERNACIONAL ESTÁNDAR DEL LIBRO
Número Internacional Estándar del Libro 9789945161861
040 ## - FUENTE DE LA CATALOGACIÓN
Centro catalogador/agencia de origen DO-SdBNP
Lengua de catalogación spa
Centro/agencia transcriptor BNPHU
082 ## - NÚMERO DE LA CLASIFICACIÓN DECIMAL DEWEY
Número de clasificación 926.10695
Número de documento/Ítem C345s
100 1# - ENTRADA PRINCIPAL--NOMBRE DE PERSONA
Nombre de persona Cassó, Antonio,
Fechas asociadas al nombre 1928-
9 (RLIN) 7151
245 10 - MENCIÓN DE TÍTULO
Título Sueño de una noche de marzo /
Mención de responsabilidad, etc. Antonio Cassó ; prólogo Juan Francisco Vásquez Acosta.
260 ## - PUBLICACIÓN, DISTRIBUCIÓN, ETC.
Lugar de publicación, distribución, etc. Santo Domingo :
Nombre del editor, distribuidor, etc. Búho,
Fecha de publicación, distribución, etc. 2008.
300 ## - DESCRIPCIÓN FÍSICA
Extensión 146 p. ;
Dimensiones 22 cm.
500 ## - NOTA GENERAL
Nota general Incluye datos biográficos del autor en las solapas
590 ## - NOTA LOCAL (RLIN)
Nota local Inventari32ado, 2020/MFF
650 #4 - PUNTO DE ACCESO ADICIONAL DE MATERIA--TÉRMINO DE MATERIA
Término de materia o nombre geográfico como elemento de entrada Médicos
Subdivisión de forma BIOGRAFÍAS
9 (RLIN) 7152
650 #4 - PUNTO DE ACCESO ADICIONAL DE MATERIA--TÉRMINO DE MATERIA
Término de materia o nombre geográfico como elemento de entrada Medicina
Subdivisión general Anécdotas, chistes, sátiras,etc
9 (RLIN) 7153
700 12 - PUNTO DE ACCESO ADICIONAL--NOMBRE DE PERSONA
Nombre de persona Vásquez Acosta, Juan Francisco
Término indicativo de función/relación pról.
9 (RLIN) 7154
910 ## - DATOS DE OPCIÓN DEL USUARIO (OCLC)
Datos de opción del usuario Validado. Control de calidad MFF
Holdings
Estado de retiro Estado de pérdida No para préstamo Código de colección Localización permanente Ubicación/localización actual Ubicación en estantería Fecha de adquisición Número de inventario Total de préstamos Signatura topográfica completa Código de barras Fecha visto por última vez Precio válido a partir de Tipo de ítem Koha Restricciones de uso Número de copia
    Excluido de préstamo Patrimonio Dominicano Patrimonio Dominicano Patrimonio Dominicano Depósito 01.07.2009 LF1   926.10695 C345s 2243-10 25.06.2020 25.06.2020 Libro y Folleto Colección Patrimonio Dominicano    
      Dominicana de Servicio Patrimonio Dominicano Patrimonio Dominicano Depósito 10.06.2011 LF1   926.10695 C345s 2243-100 25.06.2020 25.06.2020 Libro y Folleto Colección Dominicana de Servicio   e.5
    Excluido de préstamo Patrimonio Dominicano Patrimonio Dominicano Patrimonio Dominicano Depósito 01.07.2009 LF1   926.10695 C345s 2243-20 25.06.2020 25.06.2020 Libro y Folleto Colección Patrimonio Dominicano   e. 2
      Dominicana de Servicio Patrimonio Dominicano Patrimonio Dominicano Depósito 10.06.2011 LF1   926.10695 C345s 2243-80 25.06.2020 25.06.2020 Libro y Folleto Colección Dominicana de Servicio   e.3
      Dominicana de Servicio Patrimonio Dominicano Patrimonio Dominicano Depósito 10.06.2011 LF1   926.10695 C345s 2243-90 25.06.2020 25.06.2020 Libro y Folleto Colección Dominicana de Servicio   e.4

Powered by Koha